<The> Management of manufacturing systems

Gespeichert in:
Bibliographische Detailangaben
1. Verfasser: Radford, J.D
Weitere Verfasser: Richardson, D.B
Format: Buch
Sprache:Englisch
Veröffentlicht: London Macmillan Press 1977
Tags: Tag hinzufügen
Keine Tags, Fügen Sie das erste Tag hinzu!

MARC

LEADER 00000nam a2200000 4500
001 c130862
005 20041019155250.7
041 0 |a eng 
044 |a GB 
245 1 0 |a <The> Management of manufacturing systems  |c J.D. Radford, D.B. Richardson 
264 1 |a London  |b Macmillan Press  |c 1977 
300 |a 224 s. 
100 1 |a Radford, J.D. 
700 1 |a Richardson, D.B.